Statistiques concernant La plus grande ville à 4 lettres de ce pays n°2

Cliquez ici pour prendre le quiz!

Statistiques générales

  • Ce quiz a été pris 85 fois
  • Le résultat moyen est 9 sur 18

Statistiques - réponses

Pays Ville % Correct
ItalieRome
99%
NorvégeOslo
94%
PerouLima
90%
QatarDoha
78%
LettonieRiga
78%
TogoLomé
73%
SamoaApia
48%
SyrieAlep
48%
JaponKõbe
47%
ColombieCali
41%
AllemagneBonn
38%
PortugalFaro
34%
AutricheGraz
32%
YemenAden
29%
FinlandeOulu
22%
Royaume-UniYork
19%
RoumanieIaşi
19%
IndePune
16%

Distribution des résultats

Percentile by Number Answered

% des personnes avec chaque résultat

Votre développement - résultats

Vous n’avez pas pris ce quiz